00369nam a2200145Ia 450000500170000000800410001702000150005808200210007310000160009424500280011026000410013830000240017965000090020365000110021220250109035032.0240331s9999 xx 000 0 und d a019564249X bSAN24268a305.3 aGilman, S.L 0aFreud, Race, and Gender aDelhibOxford University Pressc1997 axvi, 277 p., (C II) aRace aGender